Band or The Band? #3 - Statistics

General Stats
  • This quiz has been taken 1,209 times
  • The average score is 15 of 20
Answer Stats
Hint Answer % Correct
Coldplay The
98%
Smiths The
94%
Arcade Fire The
92%
Jefferson Airplane The
89%
Hives The
88%
Byrds The
87%
Weezer The
87%
Dire Straits The
86%
Chemical Brothers The
85%
Band The
85%
Monkees The
84%
Blur The
77%
Offspring The
74%
Jam The
71%
Four Seasons The
71%
Zombies The
67%
Dead Kennedys The
42%
Sex Pistols The
41%
Pixies The
35%
Grateful Dead The
27%
No matching quizzes found
Score Distribution
Percent of People with Each Score
Percentile by Number Answered
Your Score History
You have not taken this quiz